| 000 | 00335nam a22001337a 4500 | ||
|---|---|---|---|
| 008 | 250325b |||||||| |||| 00| 0 eng d | ||
| 020 | _a0-86609-476-8 | ||
| 050 |
_aPE1128 _b.L58 |
||
| 100 | _aLITTELL, Joy | ||
| 245 | _aBasic Skills In English Red Level | ||
| 260 |
_aNew York _bEvanston, Illinios _c1985 |
||
| 300 | _a603p | ||
| 942 | _cBK | ||
| 999 |
_c2688 _d2688 |
||